000 00486nam a2200181Ia 4500
001 18543
005 20260306171638.0
008 260306s9999||||xx |||||||||||||| ||und||
041 _aESP
082 _a658.408
_bF43
100 _aFerrando Sánchez, Miguel
_eAUT
245 0 _aCómo elaborar el manual ambiental de la empresa según la norma ISO 14001:
_b2004
260 _c2012
300 _a199 páginas :
_c23 cm.
650 _aGEN
654 _aCAN
942 _cLIB
_dJUS
_fJUS
_2ddc
_n
999 _c18543
_d18543